<?xml version="1.0" encoding="UTF-8"?>
<record
    xmlns:xsi="http://www.w3.org/2001/XMLSchema-instance"
    xsi:schemaLocation="http://www.loc.gov/MARC21/slim http://www.loc.gov/standards/marcxml/schema/MARC21slim.xsd"
    xmlns="http://www.loc.gov/MARC21/slim">

  <leader>03243nam a2200445 a 4500</leader>
  <controlfield tag="003">CHAP</controlfield>
  <controlfield tag="005">20240905142349.0</controlfield>
  <controlfield tag="007">cr ||||||a|c|a</controlfield>
  <controlfield tag="008">101025s2010    mx      r     00010 spa d</controlfield>
  <datafield tag="035" ind1=" " ind2=" ">
    <subfield code="a">111201</subfield>
  </datafield>
  <datafield tag="040" ind1=" " ind2=" ">
    <subfield code="c">CHAP</subfield>
  </datafield>
  <datafield tag="090" ind1=" " ind2=" ">
    <subfield code="a">Tesis</subfield>
  </datafield>
  <datafield tag="100" ind1="1" ind2=" ">
    <subfield code="a">Huerta Paniagua, Ruben</subfield>
    <subfield code="9">56697</subfield>
  </datafield>
  <datafield tag="245" ind1="1" ind2="0">
    <subfield code="a">Efecto de la temperatura y tama&#xF1;o de la semilla en la germinaci&#xF3;n de Quercus rugosa Ne&#xE9;</subfield>
    <subfield code="c">/por Ruben Huerta Paniagua; director Dante Arturo Rodr&#xED;guez Trejo</subfield>
  </datafield>
  <datafield tag="264" ind1=" " ind2="1">
    <subfield code="a">Chapingo, M&#xE9;x. :</subfield>
    <subfield code="b">El autor,</subfield>
    <subfield code="c">2010.</subfield>
  </datafield>
  <datafield tag="300" ind1=" " ind2=" ">
    <subfield code="a">1 recurso en l&#xED;nea (34 p&#xE1;ginas):</subfield>
    <subfield code="b">Cuadros, figuras</subfield>
  </datafield>
  <datafield tag="336" ind1=" " ind2=" ">
    <subfield code="2">rdacontent</subfield>
    <subfield code="a">texto</subfield>
    <subfield code="b">txt</subfield>
  </datafield>
  <datafield tag="337" ind1=" " ind2=" ">
    <subfield code="2">rdamedia</subfield>
    <subfield code="a">computadora</subfield>
    <subfield code="b">c</subfield>
  </datafield>
  <datafield tag="338" ind1=" " ind2=" ">
    <subfield code="2">rdacarrier</subfield>
    <subfield code="a">recursos en linea</subfield>
    <subfield code="b">cr</subfield>
  </datafield>
  <datafield tag="502" ind1=" " ind2=" ">
    <subfield code="c">DICIFO</subfield>
    <subfield code="d">2010.</subfield>
    <subfield code="g">LIC</subfield>
    <subfield code="b">IAEB</subfield>
  </datafield>
  <datafield tag="520" ind1=" " ind2=" ">
    <subfield code="a">El presente trabajo, consisti&#xF3; en estudiar el efecto de la temperatura y tama&#xF1;o de la semilla en la germinaci&#xF3;n de Quercus rugosa N&#xE9;e. Se manejaron tres tama&#xF1;os de semillas: Las semillas grandes (3.09 cm de largo por 1.55 cm de ancho, en promedio); las medianas (2.45 cm de largo por 1.29 cm de ancho, en promedio) y las peque&#xF1;as (2.15 cm de largo por 1.18 cm de ancho, en promedio) y dos reg&#xED;menes d&#xED;a y noche, en c&#xE1;maras de ambiente controlado para el estudio de la germinaci&#xF3;n y de la energ&#xED;a germinativa: Alta 24/19&#xB0;C y baja 19/14&#xB0;C, con un fotoperiodo de 12 h. El dise&#xF1;o experimental fue en bloques completamente al azar, con seis repeticiones para seis combinaciones de los diferentes niveles de cada tratamiento. Los bloques est&#xE1;n anidados dentro del factor temperatura. Los datos de germinaci&#xF3;n y de energia germinativa fueron analizados mediante an&#xE1;lisis de varianza con un modelo mixto, utilizando el procedimiento mixto ( Proc Mixed ) del programa SAS para microcomputadoras. El tama&#xF1;o de la semilla influy&#xF3; significativamente (p = 0.0009) en la germinaci&#xF3;n potencial. Las semillas grandes y medianas alcanzaron el 50% de su germinaci&#xF3;n potencial en el menor tiempo. Las semillas grandes germinaron casi el doble que las peque&#xF1;as y en un 29.4% m&#xE1;s que las medianas. La energ&#xED;a germinativa fue significativamente afectada por ambos factores y su interacci&#xF3;n (p=0.0851, p=0.0009, p=0.0045, respectivamente). La mayor energia germinativa se tuvo en las semillas medianas, a alta temperatura. La variaci&#xF3;n en el tama&#xF1;o de la semilla y la temperatura les permiten germinar en diferentes condiciones ambientales.</subfield>
  </datafield>
  <datafield tag="590" ind1=" " ind2=" ">
    <subfield code="a">ALEPH</subfield>
    <subfield code="b">10</subfield>
    <subfield code="c">20130110</subfield>
  </datafield>
  <datafield tag="590" ind1=" " ind2=" ">
    <subfield code="a">BATCH-UPD</subfield>
    <subfield code="b">10</subfield>
    <subfield code="c">20130110</subfield>
  </datafield>
  <datafield tag="590" ind1=" " ind2=" ">
    <subfield code="a">BATCH-UPD</subfield>
    <subfield code="b">10</subfield>
    <subfield code="c">20130410</subfield>
  </datafield>
  <datafield tag="590" ind1=" " ind2=" ">
    <subfield code="a">BATCH-UPD</subfield>
    <subfield code="b">10</subfield>
    <subfield code="c">20130914</subfield>
  </datafield>
  <datafield tag="590" ind1=" " ind2=" ">
    <subfield code="a">BATCH-UPD</subfield>
    <subfield code="b">10</subfield>
    <subfield code="c">20140324</subfield>
  </datafield>
  <datafield tag="590" ind1=" " ind2=" ">
    <subfield code="a">BATCH-UPD</subfield>
    <subfield code="b">10</subfield>
    <subfield code="c">20141002</subfield>
  </datafield>
  <datafield tag="590" ind1=" " ind2=" ">
    <subfield code="a">CONVERSION</subfield>
    <subfield code="b">10</subfield>
    <subfield code="c">20130109</subfield>
  </datafield>
  <datafield tag="650" ind1="0" ind2="4">
    <subfield code="a">Germinaci&#xF3;n</subfield>
    <subfield code="x">Efecto de la temperatura.</subfield>
    <subfield code="9">47757</subfield>
  </datafield>
  <datafield tag="650" ind1="0" ind2="4">
    <subfield code="a">Quercus.</subfield>
    <subfield code="9">93173</subfield>
  </datafield>
  <datafield tag="650" ind1="0" ind2="4">
    <subfield code="a">Semillas</subfield>
    <subfield code="x">Germinaci&#xF3;n.</subfield>
    <subfield code="9">103903</subfield>
  </datafield>
  <datafield tag="700" ind1="0" ind2=" ">
    <subfield code="a">Rodr&#xED;guez Trejo, Dante Arturo</subfield>
    <subfield code="9">98938</subfield>
    <subfield code="e">Director</subfield>
  </datafield>
  <datafield tag="856" ind1=" " ind2=" ">
    <subfield code="u">http://10.13.5.2/tesis/111201.pdf</subfield>
    <subfield code="z">DESCARGAR PDF</subfield>
  </datafield>
  <datafield tag="901" ind1=" " ind2=" ">
    <subfield code="a">BK</subfield>
  </datafield>
  <datafield tag="942" ind1=" " ind2=" ">
    <subfield code="c">TD</subfield>
    <subfield code="2">Clasificaci&#xF3;n Universidad Aut&#xF3;noma Chapingo</subfield>
  </datafield>
  <datafield tag="949" ind1=" " ind2=" ">
    <subfield code="b">BC</subfield>
    <subfield code="c">TES</subfield>
    <subfield code="d">334724002219579</subfield>
    <subfield code="e">TS1</subfield>
    <subfield code="h">51885</subfield>
    <subfield code="i">111201</subfield>
    <subfield code="s">b</subfield>
  </datafield>
  <datafield tag="949" ind1=" " ind2=" ">
    <subfield code="b">BC</subfield>
    <subfield code="c">TES</subfield>
    <subfield code="d">33724002219611</subfield>
    <subfield code="e">TS2</subfield>
    <subfield code="f">c.2</subfield>
    <subfield code="g">Donaci&#xD8;n</subfield>
    <subfield code="h">51286</subfield>
    <subfield code="i">111201</subfield>
    <subfield code="s">b</subfield>
  </datafield>
  <datafield tag="999" ind1=" " ind2=" ">
    <subfield code="c">99543</subfield>
    <subfield code="d">99543</subfield>
  </datafield>
  <datafield tag="952" ind1=" " ind2=" ">
    <subfield code="0">0</subfield>
    <subfield code="1">0</subfield>
    <subfield code="2">local</subfield>
    <subfield code="4">0</subfield>
    <subfield code="5">1</subfield>
    <subfield code="7">0</subfield>
    <subfield code="8">TesDigL</subfield>
    <subfield code="a">BD</subfield>
    <subfield code="b">BD</subfield>
    <subfield code="c">E_L</subfield>
    <subfield code="d">2019-12-31</subfield>
    <subfield code="f">TESIS</subfield>
    <subfield code="l">0</subfield>
    <subfield code="o">Tesis digital</subfield>
    <subfield code="r">2019-12-31 00:00:00</subfield>
    <subfield code="w">2024-08-26</subfield>
    <subfield code="y">TD</subfield>
  </datafield>
</record>
